| 000 | 00422nam a2200181Ia 4500 | ||
|---|---|---|---|
| 008 | 210210b1962 xxu||||| |||| 00| 0 eng d | ||
| 041 | _aeng | ||
| 082 | _a590/41 | ||
| 100 | _aBUTLER (J A V) | ||
| 245 | _aInside the living cell | ||
| 260 |
_aLondon _bThe English Language Book Society., _c1962 |
||
| 650 | _athe | ||
| 650 | _aliving | ||
| 650 | _aInside | ||
| 650 | _acell | ||
| 690 | _aZoology | ||
| 906 | _a010617 | ||
| 999 |
_c138384 _d138384 |
||